| 000 | 00453nam a2200181Ia 4500 | ||
|---|---|---|---|
| 005 | 20250423101331.0 | ||
| 008 | 250422s9999 xx 000 0 und d | ||
| 020 | _a978-1-59784-075-0 | ||
| 050 | _aBP 133.7 .A27 C3613/ | ||
| 100 | _aCanan, Ibrahim | ||
| 245 | 4 | _aThe message of Abraham : his life, virtues, and mission | |
| 260 | _aNew Jersey | ||
| 260 | _bLight, inc. | ||
| 260 | _c2007 | ||
| 300 | _a171 p | ||
| 650 | _aReligion | ||
| 942 | _cBK | ||
| 999 |
_c36000 _d36000 |
||